Revelation and Reason in Islam / (Record no. 20327)
[ view plain ]
| 000 -LEADER | |
|---|---|
| fixed length control field | 00507nam a22001817a 4500 |
| 003 - CONTROL NUMBER IDENTIFIER | |
| control field | BDDh-ASL |
| 005 - DATE AND TIME OF LATEST TRANSACTION | |
| control field | 20231015025856.0 |
| 008 - FIXED-LENGTH DATA ELEMENTS--GENERAL INFORMATION | |
| fixed length control field | 201229s1957 ny ||||| |||| 00| 0 eng d |
| 040 ## - CATALOGING SOURCE | |
| Transcribing agency | BDDh-ASL |
| 082 ## - DEWEY DECIMAL CLASSIFICATION NUMBER | |
| Classification number | 297.09 |
| Item number | ARR |
| 100 1# - MAIN ENTRY--PERSONAL NAME | |
| 9 (RLIN) | 1634 |
| Personal name | Arberry, A. J. |
| 245 10 - TITLE STATEMENT | |
| Title | Revelation and Reason in Islam / |
| 260 ## - PUBLICATION, DISTRIBUTION, ETC. | |
| Place of publication, distribution, etc. | London: |
| Name of publisher, distributor, etc. | George Allen & Unwin Ltd., |
| Date of publication, distribution, etc. | 1957. |
| 300 ## - PHYSICAL DESCRIPTION | |
| Extent | 122 p.: |
| Dimensions | 19 cm. |
| 504 ## - BIBLIOGRAPHY, ETC. NOTE | |
| Bibliography, etc. note | Include Bibliographical References and Index |
| 650 #0 - SUBJECT ADDED ENTRY--TOPICAL TERM | |
| 9 (RLIN) | 1652 |
| Topical term or geographic name entry element | Islam |
| 942 ## - ADDED ENTRY ELEMENTS (KOHA) | |
| Source of classification or shelving scheme | Dewey Decimal Classification |
| Koha item type | Books |
| Withdrawn status | Lost status | Source of classification or shelving scheme | Damaged status | Not for loan | Collection code | Home library | Current library | Shelving location | Date acquired | Source of acquisition | Total Checkouts | Full call number | Barcode | Date last seen | Copy number | Price effective from | Koha item type | Public note |
|---|---|---|---|---|---|---|---|---|---|---|---|---|---|---|---|---|---|---|
| Dewey Decimal Classification | Not For Loan | Non-fiction | Asiatic Society Library | Asiatic Society Library | General Stacks | 12/29/2020 | ASB Collection | 297.09 ARR | 103748 | 12/29/2020 | C-1 | 12/29/2020 | Books | RARE | ||||
| Dewey Decimal Classification | Not For Loan | Non-fiction | Asiatic Society Library | Asiatic Society Library | General Stacks | 12/29/2020 | ASB Collection | 297.09 ARR | 103749 | 12/29/2020 | C-2 | 12/29/2020 | Books | RARE |